[Event "Paracin op-A 18th"]
[Site "Paracin"]
[Date "2025.07.04"]
[Round "1"]
[White "Pasti, Zsombor"]
[Black "Laurusas, Tomas"]
[Result "0-1"]
[WhiteElo "2137"]
[BlackElo "2541"]
[PlyCount "40"]
[EventDate "2025.07.04"]
[EventType "swiss"]
[EventRounds "9"]
[EventCountry "SRB"]
[SourceTitle "CB29_2025"]
[SourceDate "2025.07.16"]
[SourceVersion "1"]
[SourceVersionDate "2025.07.16"]
[SourceQuality "1"]

1. e4 c5 2. Nf3 e6 3. g3 b6 4. Bg2 Bb7 5. d3 d6 6. 0-0 Nd7 7. a4 Ngf6 8. Na3 a6 9. Bf4 Be7 10. Nc4 Qb8 11. Re1 e5 12. Bg5 0-0 13. Nh4 g6 14. f4 exf4 15. Bxf4 Re8 16. e5 dxe5 17. Nxe5 Qc8 18. Bh3 Qd8 19. Bg5 Nxe5 20. Rxe5 Qd4+ 0-1

[Event "Vojvodina op 15th"]
[Site "Novi Sad"]
[Date "2025.07.02"]
[Round "9"]
[White "Laurusas, Tomas"]
[Black "Djokic, Mihailo"]
[Result "1-0"]
[WhiteElo "2566"]
[BlackElo "2225"]
[PlyCount "83"]
[EventDate "2025.06.25"]
[EventType "swiss"]
[EventRounds "9"]
[EventCountry "SRB"]
[SourceTitle "CB27_2025"]
[SourceDate "2025.07.02"]
[SourceVersion "1"]
[SourceVersionDate "2025.07.02"]
[SourceQuality "1"]

1. d4 Nf6 2. c4 g6 3. Nc3 d5 4. Nf3 Bg7 5. h4 c5 6. dxc5 Qa5 7. cxd5 Nxd5 8. Qxd5 Bxc3+ 9. Bd2 Bxd2+ 10. Qxd2 Qxc5 11. Rc1 Qf5 12. h5 Nc6 13. hxg6 fxg6 14. g3 0-0 15. Bg2 Qf6 16. Qh6 Rf7 17. 0-0 Bg4 18. Ng5 Rg7 19. e3 Ne5 20. Bxb7 Rb8 21. Bd5+ e6 22. Bg2 Be2 23. Rfe1 Nd3 24. Rxe2 Nxc1 25. Rd2 Kh8 26. b3 Rb5 27. Ne4 Qa1 28. Bf1 Rd5 29. Rc2 Rd8 30. Ng5 Re8 31. Kg2 Nxa2 32. Bb5 Reg8 33. Rc4 Rb8 34. Rf4 Qd1 35. Rf3 Qxb3 36. Nf7+ Kg8 37. Qf4 e5 38. Nh6+ Kh8 39. Qxe5 Rc8 40. Bd7 Ra8 41. Nf7+ Kg8 42. Nd8 1-0

[Event "Vojvodina op 15th"]
[Site "Novi Sad"]
[Date "2025.06.26"]
[Round "2"]
[White "Drazic, Sinisa"]
[Black "Laurusas, Tomas"]
[Result "0-1"]
[WhiteElo "2252"]
[BlackElo "2566"]
[PlyCount "60"]
[EventDate "2025.06.25"]
[EventType "swiss"]
[EventRounds "9"]
[EventCountry "SRB"]
[SourceTitle "CB27_2025"]
[SourceDate "2025.07.02"]
[SourceVersion "1"]
[SourceVersionDate "2025.07.02"]
[SourceQuality "1"]

1. e4 c5 2. Nf3 d6 3. d4 cxd4 4. Nxd4 a6 5. f4 e6 6. Be3 Nf6 7. Bd3 b5 8. a4 b4 9. a5 Bb7 10. Nd2 Nbd7 11. Qe2 Nc5 12. Bf2 d5 13. e5 Nfe4 14. Bxe4 Nxe4 15. Nxe4 dxe4 16. 0-0 Be7 17. f5 Qd5 18. Rad1 Qxe5 19. fxe6 0-0 20. Bg3 Qg5 21. exf7+ Rxf7 22. Rxf7 Kxf7 23. Nf5 Bc5+ 24. Kh1 Kg6 25. Nd6 Bc6 26. Nc4 Re8 27. Nd6 Re6 28. Qxa6 Qg4 29. Qf1 Rf6 30. Qe1 e3 0-1

[Event "Teplice op 18th"]
[Site "Teplice"]
[Date "2025.06.22"]
[Round "9"]
[White "Rakshitta, Ravi"]
[Black "Laurusas, Tomas"]
[Result "0-1"]
[WhiteElo "2303"]
[BlackElo "2566"]
[PlyCount "188"]
[EventDate "2025.06.14"]
[EventType "swiss"]
[EventRounds "9"]
[EventCountry "CZE"]
[SourceTitle "CB26_2025"]
[SourceDate "2025.06.25"]
[SourceVersion "1"]
[SourceVersionDate "2025.06.25"]
[SourceQuality "1"]

1. e4 c5 2. Nf3 d6 3. d4 cxd4 4. Nxd4 a6 5. Nc3 e6 6. Be3 b5 7. a3 Bb7 8. g4 Nd7 9. g5 Rc8 10. Rg1 Ne7 11. Qd2 d5 12. exd5 Nxd5 13. Nxd5 Bxd5 14. a4 Bc5 15. axb5 axb5 16. Bxb5 0-0 17. b4 Bd6 18. f4 Nb6 19. Kf2 Nc4 20. Bxc4 Rxc4 21. c3 Qb8 22. Ra5 Rxb4 23. cxb4 Bxb4 24. Rb1 Bxd2 25. Rxb8 Bxa5 26. Rxf8+ Kxf8 27. Nf3 f6 28. h4 Kf7 29. h5 Bd8 30. Kg3 Bc7 31. Bd4 Bd8 32. Be3 Be7 33. Bd2 Bb3 34. Nh4 Bc2 35. Nf3 Bd1 36. Kf2 Bc5+ 37. Kg3 Bd6 38. Kf2 Ke7 39. Be3 Bb4 40. Bd4 Kf7 41. Bb2 Be7 42. Bc1 Bc5+ 43. Kg3 Bd6 44. Bb2 h6 45. gxf6 gxf6 46. Bc3 Ba4 47. Nh2 Bf8 48. Ng4 Bg7 49. Bd2 f5 50. Ne5+ Kg8 51. Bb4 Be8 52. Bd6 Bf6 53. Bb4 Bxh5 54. Bd6 Bd1 55. Bc5 Bd8 56. Bb4 Bb6 57. Bd6 Ba5 58. Bc5 Be1+ 59. Kh3 Be2 60. Bd6 Kg7 61. Be7 Bf1+ 62. Kh2 Bf2 63. Bd8 Kf8 64. Bf6 Kg8 65. Be7 Kg7 66. Bd8 Bc5 67. Kg3 Bb5 68. Kf3 Bb4 69. Kg3 Kf8 70. Bf6 Ba5 71. Kh4 Be2 72. Kg3 Be1+ 73. Kg2 Kg8 74. Kh3 Kh7 75. Kg2 h5 76. Bg5 Kg7 77. Kh3 Bg4+ 78. Kg2 h4 79. Kh2 Bf2 80. Kh1 Bg3 81. Kg2 Be2 82. Nc6 Kg6 83. Nd4 Bc4 84. Kg1 Kh5 85. Nf3 Bd5 86. Nd2 h3 87. Nf1 Bh4 88. Kh2 Bxg5 89. Ng3+ Kg4 90. fxg5 f4 91. Ne2 Kxg5 92. Kxh3 f3 93. Ng3 f2 94. Kh2 Kf4 0-1

[Event "Teplice op 18th"]
[Site "Teplice"]
[Date "2025.06.20"]
[Round "7"]
[White "Sathvik, Adiga"]
[Black "Laurusas, Tomas"]
[Result "1-0"]
[WhiteElo "2341"]
[BlackElo "2566"]
[PlyCount "101"]
[EventDate "2025.06.14"]
[EventType "swiss"]
[EventRounds "9"]
[EventCountry "CZE"]
[SourceTitle "CB26_2025"]
[SourceDate "2025.06.25"]
[SourceVersion "1"]
[SourceVersionDate "2025.06.25"]
[SourceQuality "1"]

1. e4 c5 2. Nf3 e6 3. d4 cxd4 4. Nxd4 a6 5. Nc3 Qc7 6. Bd3 Nf6 7. Qe2 d6 8. g4 Nc6 9. Nxc6 bxc6 10. g5 Nd7 11. f4 g6 12. b3 h6 13. Bb2 e5 14. 0-0-0 hxg5 15. fxg5 Nc5 16. Bc4 Bh3 17. Kb1 a5 18. a4 Be7 19. Bc1 Rh5 20. Qf2 Ne6 21. Qg3 Rb8 22. Ba3 Nxg5 23. Be2 Rh7 24. Bxd6 Bxd6 25. Qxg5 Be6 26. h4 Bb4 27. Na2 Be7 28. Qg3 Rd8 29. h5 Rxd1+ 30. Rxd1 Rh6 31. hxg6 Rxg6 32. Qc3 Kf8 33. Bc4 Bg4 34. Rf1 Rf6 35. Rh1 Rf4 36. Nc1 Bc5 37. Nd3 Bd4 38. Qe1 Rf6 39. Rh8+ Ke7 40. Qh4 Qd6 41. Ka2 Be6 42. Bxe6 Kxe6 43. Qg4+ Ke7 44. Qg8 Rg6 45. Qe8+ Kf6 46. Rh5 Qe6 47. Qd8+ Qe7 48. Qh8+ Ke6 49. Nxe5 Rg1 50. Qc8+ Kf6 51. Ng4+ 1-0

[Event "Teplice op 18th"]
[Site "Teplice"]
[Date "2025.06.16"]
[Round "3"]
[White "Nguyen, Thu Giang"]
[Black "Laurusas, Tomas"]
[Result "0-1"]
[WhiteElo "2065"]
[BlackElo "2566"]
[PlyCount "104"]
[EventDate "2025.06.14"]
[EventType "swiss"]
[EventRounds "9"]
[EventCountry "CZE"]
[SourceTitle "CB26_2025"]
[SourceDate "2025.06.25"]
[SourceVersion "1"]
[SourceVersionDate "2025.06.25"]
[SourceQuality "1"]

1. e4 c6 2. d4 d5 3. e5 Bf5 4. h4 Qc8 5. c4 e6 6. Nc3 h6 7. g4 Bh7 8. Bd3 Bxd3 9. Qxd3 Ne7 10. b3 Nd7 11. Be3 Qd8 12. Nf3 h5 13. gxh5 Rxh5 14. Bg5 Qa5 15. Kf1 Qa6 16. Qe2 Rh8 17. Rg1 Nf5 18. cxd5 Qxe2+ 19. Nxe2 exd5 20. Ng3 Nxg3+ 21. fxg3 Ba3 22. Re1 Nf8 23. Kg2 a5 24. Bc1 Bb4 25. Re2 Ne6 26. Rd1 a4 27. a3 Be7 28. b4 Kd7 29. Ne1 b6 30. Nc2 Rh7 31. Rf1 g5 32. h5 Rxh5 33. Rxf7 Rah8 34. Kf3 Rh1 35. Bd2 Rf1+ 36. Rf2 Rxf2+ 37. Kxf2 Rh2+ 38. Ke1 Rh3 39. Kf2 Ke8 40. Rf5 Rh2+ 41. Ke1 g4 42. Rf2 Rh3 43. Rg2 Rh1+ 44. Ke2 Kd7 45. Kd3 c5 46. bxc5 bxc5 47. dxc5 Nxc5+ 48. Kd4 Ke6 49. Bb4 Rd1+ 50. Kc3 Ne4+ 51. Kb2 Bg5 52. Bc3 Bc1+ 0-1

[Event "Munich Whitsun op-A 3rd"]
[Site "Munich"]
[Date "2025.06.10"]
[Round "5"]
[White "Laurusas, Tomas"]
[Black "Petriashvili, Nikoloz"]
[Result "1-0"]
[WhiteElo "2566"]
[BlackElo "2468"]
[PlyCount "111"]
[EventDate "2025.06.08"]
[EventType "swiss"]
[EventRounds "9"]
[EventCountry "GER"]
[SourceTitle "CB26_2025"]
[SourceDate "2025.06.25"]
[SourceVersion "1"]
[SourceVersionDate "2025.06.25"]
[SourceQuality "1"]

1. c4 c5 2. Nc3 g6 3. g3 Bg7 4. Bg2 Nc6 5. d3 h5 6. Nf3 d6 7. 0-0 Nh6 8. Rb1 Nf5 9. h3 Rb8 10. Bd2 b6 11. a3 Bb7 12. b4 Qd7 13. e3 0-0 14. Qe2 e6 15. Rfc1 Rfd8 16. Be1 Ne5 17. Nxe5 Bxe5 18. Ne4 Rbc8 19. bxc5 dxc5 20. Rd1 Qc7 21. a4 Bc6 22. Qc2 Qd7 23. Bc3 Bxa4 24. Qb2 Bxc3 25. Qxc3 Qe7 26. Qa1 Bxd1 27. Nf6+ Qxf6 28. Qxf6 Bc2 29. Ra1 a5 30. g4 Ng7 31. Bf1 Bxd3 32. Rd1 a4 33. Rxd3 Rxd3 34. Bxd3 a3 35. Be4 hxg4 36. hxg4 Ne8 37. Qe7 a2 38. Qa7 Nd6 39. Bd3 b5 40. Qxa2 bxc4 41. Bxc4 Nxc4 42. Qxc4 Kf8 43. Qa6 Rd8 44. Qc6 Rd1+ 45. Kg2 Rc1 46. Qd6+ Ke8 47. Kf3 Rc4 48. g5 Rc2 49. e4 c4 50. Qb8+ Kd7 51. Qa7+ Kd6 52. Qa3+ Kc7 53. Qe7+ Kc6 54. Qxf7 c3 55. Qxe6+ Kc5 56. Qb3 1-0

[Event "Munich Whitsun op-A 3rd"]
[Site "Munich"]
[Date "2025.06.08"]
[Round "1"]
[White "Laurusas, Tomas"]
[Black "Dominguez Fernandez, Angel I"]
[Result "1-0"]
[WhiteElo "2566"]
[BlackElo "2180"]
[PlyCount "71"]
[EventDate "2025.06.08"]
[EventType "swiss"]
[EventRounds "9"]
[EventCountry "GER"]
[SourceTitle "CB26_2025"]
[SourceDate "2025.06.25"]
[SourceVersion "1"]
[SourceVersionDate "2025.06.25"]
[SourceQuality "1"]

1. d4 d5 2. c4 e6 3. g3 Nf6 4. Bg2 Be7 5. Qc2 0-0 6. Nf3 c6 7. Nbd2 b6 8. e4 c5 9. 0-0 Nc6 10. cxd5 exd5 11. e5 Ne8 12. a3 Ba6 13. Re1 Rc8 14. dxc5 bxc5 15. h4 Nc7 16. Nf1 Ne6 17. Ne3 Re8 18. Qa4 Bd3 19. Qg4 d4 20. Nf5 Bxf5 21. Qxf5 Na5 22. Bf4 c4 23. Nd2 g6 24. Qg4 h5 25. Qf3 c3 26. Ne4 cxb2 27. Rab1 Nc4 28. Bh3 Qb6 29. Bh6 Red8 30. Nf6+ Kh8 31. Nd5 Rxd5 32. Qxf7 Nxe5 33. Rxe5 Rxe5 34. Bxe6 Rc1+ 35. Kh2 Qxe6 36. Qg7# 1-0

[Event "Kuressaare Saaremaa Rapid op"]
[Site "Kuressaare"]
[Date "2025.05.31"]
[Round "5"]
[White "Antoms, Guntars"]
[Black "Laurusas, Tomas"]
[Result "0-1"]
[WhiteElo "2303"]
[BlackElo "2566"]
[PlyCount "68"]
[EventDate "2025.05.31"]
[EventType "swiss (rapid)"]
[EventRounds "11"]
[EventCountry "EST"]
[SourceTitle "CB28_2025"]
[SourceDate "2025.07.09"]
[SourceVersion "1"]
[SourceVersionDate "2025.07.09"]
[SourceQuality "1"]

1. e4 c5 2. Nc3 Nc6 3. f4 g6 4. Nf3 Bg7 5. Bc4 e6 6. f5 a6 7. a4 Nge7 8. fxe6 dxe6 9. d3 h6 10. 0-0 g5 11. Be3 Nd4 12. Qd2 Nec6 13. Bxd4 cxd4 14. Ne2 g4 15. Ne1 Qg5 16. Qxg5 hxg5 17. c3 Bd7 18. Nc2 dxc3 19. bxc3 Ne5 20. Ne3 Rc8 21. Rab1 Rc7 22. a5 Ke7 23. Rb6 Rd8 24. Rb4 Nc6 25. Ra4 Nd4 26. Ra2 Nxe2+ 27. Rxe2 Bxc3 28. Nxg4 Bxa5 29. Ne5 Be8 30. Kh1 Bc3 31. Nf3 b5 32. Ba2 g4 33. Ng5 Rxd3 34. Ref2 Rd2 0-1

[Event "Kuressaare Saaremaa Rapid op"]
[Site "Kuressaare"]
[Date "2025.05.31"]
[Round "1"]
[White "Narva, Jaan"]
[Black "Laurusas, Tomas"]
[Result "0-1"]
[WhiteElo "2059"]
[BlackElo "2566"]
[PlyCount "96"]
[EventDate "2025.05.31"]
[EventType "swiss (rapid)"]
[EventRounds "11"]
[EventCountry "EST"]
[SourceTitle "CB28_2025"]
[SourceDate "2025.07.09"]
[SourceVersion "1"]
[SourceVersionDate "2025.07.09"]
[SourceQuality "1"]

1. e4 c5 2. Nf3 e6 3. d4 cxd4 4. Nxd4 a6 5. Bd3 Nf6 6. 0-0 d6 7. c4 Nbd7 8. Nc3 b6 9. Qe2 Bb7 10. f4 g6 11. Kh1 Bg7 12. Nf3 0-0 13. Bd2 Qc7 14. Rae1 Rad8 15. Bb1 Rfe8 16. Be3 Qb8 17. Bd4 e5 18. fxe5 dxe5 19. Be3 Nh5 20. Nd5 Nf4 21. Qd2 Nc5 22. b4 Nce6 23. Bxb6 Bxd5 24. Bxd8 Bxc4 25. Ba5 Bxf1 26. Rxf1 Qb5 27. Rd1 Rc8 28. g3 Nh5 29. Kg2 Nf6 30. Bd3 Qa4 31. Nxe5 Bh6 32. Qe1 Qxa2+ 33. Kh1 Qb2 34. Nf3 Ng4 35. Rb1 Qf2 36. Qe2 Qa7 37. Bxa6 Rc3 38. b5 Re3 39. b6 Qb8 40. Qf1 Ra3 41. Rb5 Ne3 42. Qe1 Nc2 43. Qb1 Ncd4 44. Nxd4 Nxd4 45. Rd5 Nc6 46. Rc5 Rxa5 47. Rxc6 Rxa6 48. b7 Rxc6 0-1

[Event "Kuressaare Saaremaa Blitz op"]
[Site "Kuressaare"]
[Date "2025.05.30"]
[Round "9"]
[White "Keinanen, Toivo"]
[Black "Laurusas, Tomas"]
[Result "1-0"]
[WhiteElo "2532"]
[BlackElo "2566"]
[PlyCount "79"]
[EventDate "2025.05.30"]
[EventType "swiss (blitz)"]
[EventRounds "11"]
[EventCountry "EST"]
[SourceTitle "CB28_2025"]
[SourceDate "2025.07.09"]
[SourceVersion "1"]
[SourceVersionDate "2025.07.09"]
[SourceQuality "1"]

1. c4 c6 2. Nf3 Nf6 3. Nc3 d5 4. e3 g6 5. cxd5 cxd5 6. Bb5+ Bd7 7. Qb3 e6 8. 0-0 Bg7 9. Qa3 a6 10. Bxd7+ Nbxd7 11. d3 Qe7 12. Qxe7+ Kxe7 13. e4 dxe4 14. dxe4 Ng4 15. Rd1 Rhc8 16. Bg5+ Ke8 17. Rac1 h6 18. Bf4 Nge5 19. Nxe5 Nxe5 20. b3 g5 21. Bg3 b5 22. Ne2 Rxc1 23. Rxc1 Rd8 24. f4 Rd2 25. fxe5 Rxe2 26. Rc8+ Kd7 27. Rg8 Rxa2 28. Rxg7 Ke7 29. h4 Rb2 30. Bf2 Rxb3 31. Bc5+ Ke8 32. h5 a5 33. Rh7 b4 34. Rxh6 Rc3 35. Bd6 b3 36. Rh8+ Kd7 37. Rb8 a4 38. h6 Rc1+ 39. Kh2 Rc4 40. h7 1-0

[Event "Kuressaare Saaremaa Blitz op"]
[Site "Kuressaare"]
[Date "2025.05.30"]
[Round "6"]
[White "Laurusas, Tomas"]
[Black "Golubovskis, Maksims"]
[Result "1-0"]
[WhiteElo "2566"]
[BlackElo "2228"]
[PlyCount "69"]
[EventDate "2025.05.30"]
[EventType "swiss (blitz)"]
[EventRounds "11"]
[EventCountry "EST"]
[SourceTitle "CB28_2025"]
[SourceDate "2025.07.09"]
[SourceVersion "1"]
[SourceVersionDate "2025.07.09"]
[SourceQuality "1"]

1. c4 Nf6 2. Nc3 e6 3. d4 Bb4 4. e3 0-0 5. Nge2 Re8 6. a3 Bf8 7. d5 a5 8. g3 Na6 9. Bg2 exd5 10. cxd5 Nc5 11. b3 d6 12. Nd4 Bg4 13. Qc2 Qd7 14. h3 Bh5 15. f4 a4 16. bxa4 Nxa4 17. Nxa4 Qxa4 18. Qxa4 Rxa4 19. 0-0 h6 20. f5 Ne4 21. g4 Ng3 22. Rf2 Bxg4 23. hxg4 g6 24. f6 Ne4 25. Rf4 Nc5 26. Bd2 Nd3 27. Rff1 Re5 28. Bb4 Rg5 29. Bf3 Ne5 30. Rac1 Nxg4 31. Bxg4 Rxg4+ 32. Kf2 c5 33. dxc6 bxc6 34. Rxc6 Ra8 35. Rfc1 1-0

[Event "Kuressaare Saaremaa Blitz op"]
[Site "Kuressaare"]
[Date "2025.05.30"]
[Round "2"]
[White "Laurusas, Tomas"]
[Black "Seeman, Tarvo"]
[Result "1-0"]
[WhiteElo "2566"]
[BlackElo "2358"]
[PlyCount "83"]
[EventDate "2025.05.30"]
[EventType "swiss (blitz)"]
[EventRounds "11"]
[EventCountry "EST"]
[SourceTitle "CB28_2025"]
[SourceDate "2025.07.09"]
[SourceVersion "1"]
[SourceVersionDate "2025.07.09"]
[SourceQuality "1"]

1. c4 Nf6 2. Nc3 g6 3. e4 d6 4. d4 Bg7 5. Be2 0-0 6. Bg5 Na6 7. Nf3 h6 8. Bf4 e5 9. dxe5 Nh5 10. Be3 dxe5 11. c5 Nf4 12. 0-0 b6 13. c6 Qxd1 14. Rfxd1 Nb4 15. Bb5 a6 16. Ba4 b5 17. Bb3 Nxc6 18. Nd5 Ne2+ 19. Kf1 Ned4 20. Nd2 Bb7 21. Nxc7 Rac8 22. Nd5 Kh7 23. Rac1 Na5 24. Nb6 Rxc1 25. Rxc1 Naxb3 26. axb3 Ne6 27. f3 Bf6 28. b4 Rd8 29. Nb3 Bg5 30. Bxg5 hxg5 31. Na5 Ba8 32. Rc8 Rd1+ 33. Ke2 Rb1 34. Rxa8 Rxb2+ 35. Kd3 Rxb4 36. Nd5 Rb2 37. Nc6 Rxg2 38. Nxe5 Rxh2 39. Nf6+ Kg7 40. Rg8+ Kxf6 41. Ng4+ Ke7 42. Nxh2 1-0

[Event "Kuressaare Saaremaa Blitz op"]
[Site "Kuressaare"]
[Date "2025.05.30"]
[Round "1"]
[White "Merivee, Romet Renee"]
[Black "Laurusas, Tomas"]
[Result "0-1"]
[WhiteElo "1723"]
[BlackElo "2566"]
[PlyCount "97"]
[EventDate "2025.05.30"]
[EventType "swiss (blitz)"]
[EventRounds "11"]
[EventCountry "EST"]
[SourceTitle "CB28_2025"]
[SourceDate "2025.07.09"]
[SourceVersion "1"]
[SourceVersionDate "2025.07.09"]
[SourceQuality "1"]

1. e4 c5 2. a3 e6 3. b4 cxb4 4. axb4 Bxb4 5. c3 Ba5 6. d4 Ne7 7. Bd3 d6 8. f4 0-0 9. Nf3 f5 10. e5 d5 11. 0-0 b6 12. Qc2 Ba6 13. Nbd2 Bxd3 14. Qxd3 h6 15. Nb3 Nbc6 16. Be3 Qd7 17. Nfd2 Rac8 18. Rfc1 Rc7 19. Qb5 Nxe5 20. Qxd7 Nxd7 21. Nxa5 bxa5 22. Rxa5 Rfc8 23. Kf2 Nb6 24. Nf3 Nc4 25. Ra6 Nxe3 26. Kxe3 Rxc3+ 27. Rxc3 Rxc3+ 28. Kd2 Rc4 29. Rxe6 Nc6 30. Kd3 Nb4+ 31. Ke2 Rc2+ 32. Kf1 a5 33. Re8+ Kh7 34. Ra8 Ra2 35. Ne5 Nc2 36. Nc6 Ne3+ 37. Ke1 Nxg2+ 38. Kd1 Nxf4 39. Rxa5 Rxa5 40. Nxa5 Kg6 41. Kd2 Kh5 42. Ke3 g5 43. Nb3 Kg4 44. Nd2 Kh3 45. Nf1 Nh5 46. Kf3 f4 47. Kf2 Nf6 48. Kf3 Ng4 49. Ke2 0-1

[Event "Bundesliga 2425"]
[Site "Germany"]
[Date "2025.04.25"]
[Round "13.3"]
[White "Laurusas, Tomas"]
[Black "Nisipeanu, Liviu Dieter"]
[Result "1/2-1/2"]
[WhiteElo "2569"]
[BlackElo "2580"]
[PlyCount "40"]
[EventDate "2024.09.28"]
[EventType "team-tourn"]
[EventRounds "15"]
[EventCountry "GER"]
[SourceTitle "CB18_2025"]
[SourceDate "2025.04.30"]
[SourceVersion "1"]
[SourceVersionDate "2025.04.30"]
[SourceQuality "1"]
[WhiteTeam "Bad Mergentheim"]
[BlackTeam "Dresden TU"]
[WhiteTeamCountry "GER"]
[BlackTeamCountry "GER"]

1. c4 Nf6 2. d4 e6 3. Nf3 Bb4+ 4. Nbd2 b6 5. a3 Bxd2+ 6. Qxd2 Bb7 7. e3 0-0 8. Be2 d5 9. cxd5 Qxd5 10. 0-0 a5 11. Rd1 Nbd7 12. Qc2 c5 13. Ne1 Qd6 14. b3 Rfc8 15. Qb2 Qe7 16. Nf3 Ne4 17. Bd2 Nxd2 18. Rxd2 Nf6 19. Rdd1 Bd5 20. dxc5 bxc5 1/2-1/2

[Event "Bundesliga 2425"]
[Site "Germany"]
[Date "2025.02.22"]
[Round "9.8"]
[White "Laurusas, Tomas"]
[Black "Anton Guijarro, David"]
[Result "1/2-1/2"]
[WhiteElo "2569"]
[BlackElo "2665"]
[PlyCount "56"]
[EventDate "2024.09.28"]
[EventType "team-tourn"]
[EventRounds "15"]
[EventCountry "GER"]
[SourceTitle "CB09_2025"]
[SourceDate "2025.02.27"]
[SourceVersion "1"]
[SourceVersionDate "2025.02.27"]
[SourceQuality "1"]
[WhiteTeam "Bad Mergentheim"]
[BlackTeam "Viernheim"]
[WhiteTeamCountry "GER"]
[BlackTeamCountry "GER"]

1. d4 Nf6 2. c4 e6 3. Nf3 d5 4. Nc3 Be7 5. Bg5 h6 6. Bh4 dxc4 7. e3 c5 8. Bxc4 cxd4 9. Nxd4 Bd7 10. 0-0 Nc6 11. Rc1 Nxd4 12. Qxd4 0-0 13. Rfd1 Bc6 14. Qxd8 Rfxd8 15. f3 Kf8 16. e4 Rxd1+ 17. Rxd1 a6 18. Bf2 b5 19. Be2 g5 20. a3 Nd7 21. Be3 Ne5 22. Rc1 Bd6 23. Nb1 Be8 24. Nd2 a5 25. g3 Ng6 26. Kf2 a4 27. Bc5 Ke7 28. Ke3 f6 1/2-1/2

[Event "SVK-chT 2425"]
[Site "Slovakia"]
[Date "2025.02.16"]
[Round "6.2"]
[White "Mrva, Martin"]
[Black "Laurusas, Tomas"]
[Result "1/2-1/2"]
[WhiteElo "2398"]
[BlackElo "2578"]
[PlyCount "102"]
[EventDate "2024.11.23"]
[EventType "team-tourn"]
[EventRounds "11"]
[EventCountry "SVK"]
[SourceTitle "CB14_2025"]
[SourceDate "2024.11.01"]
[SourceVersion "1"]
[SourceVersionDate "2024.11.01"]
[SourceQuality "1"]
[WhiteTeam "Humenne Reinter"]
[BlackTeam "Modra"]
[WhiteTeamCountry "SVK"]
[BlackTeamCountry "SVK"]

1. e4 c5 2. Nf3 e6 3. d4 cxd4 4. Nxd4 a6 5. c4 Nf6 6. Nc3 Qc7 7. a3 b6 8. f4 Bb7 9. Bd3 Nc6 10. Nxc6 Bxc6 11. e5 Ng8 12. Qe2 d6 13. Nd5 Qd8 14. Nb4 Bb7 15. Bc2 Qd7 16. Be3 a5 17. Nd3 Qc7 18. f5 dxe5 19. Ba4+ Bc6 20. Bxc6+ Qxc6 21. Nxe5 Qe4 22. Bxb6 exf5 23. Qxe4 fxe4 24. 0-0-0 a4 25. Rhf1 Nf6 26. g4 h6 27. h4 Rc8 28. g5 hxg5 29. hxg5 Rh5 30. Be3 Rh3 31. Bd4 Nh7 32. Nxf7 Rxc4+ 33. Kb1 Rd3 34. g6 Nf6 35. Bc3 Rxd1+ 36. Rxd1 e3 37. Kc2 Bc5 38. Kd3 Rg4 39. Ne5 Rg2 40. Kc4 Ne4 41. Ba5 Bd6 42. Rd4 Nd2+ 43. Bxd2 Bxe5 44. Re4 exd2 45. Rxe5+ Kd7 46. Rd5+ Ke6 47. Rd8 Kf5 48. Kb4 Rg4+ 49. Kb5 Kxg6 50. Rxd2 Kf5 51. b4 Ke5 1/2-1/2

[Event "Bundesliga 2425"]
[Site "Germany"]
[Date "2025.02.02"]
[Round "8.3"]
[White "Predojevic, Borki"]
[Black "Laurusas, Tomas"]
[Result "1/2-1/2"]
[WhiteElo "2567"]
[BlackElo "2569"]
[PlyCount "41"]
[EventDate "2024.09.28"]
[EventType "team-tourn"]
[EventRounds "15"]
[EventCountry "GER"]
[SourceTitle "CB06_2025"]
[SourceDate "2025.02.05"]
[SourceVersion "1"]
[SourceVersionDate "2025.02.05"]
[SourceQuality "1"]
[WhiteTeam "Kirchweyhe"]
[BlackTeam "Bad Mergentheim"]
[WhiteTeamCountry "GER"]
[BlackTeamCountry "GER"]

1. e4 e5 2. Nf3 Nf6 3. d4 Nxe4 4. Bd3 d5 5. Nxe5 Nd7 6. Nxd7 Bxd7 7. Nd2 Nxd2 8. Bxd2 Qe7+ 9. Be3 0-0-0 10. 0-0 Be6 11. b3 g6 12. c4 dxc4 13. bxc4 Bg7 14. Qa4 Rxd4 15. Bxd4 Bxd4 16. Rab1 Bd7 17. Qc2 f5 18. Rfd1 Bb6 19. Be2 Qc5 20. Bf3 c6 21. Rd2 1/2-1/2

[Event "SVK-chT 2425"]
[Site "Slovakia"]
[Date "2025.01.18"]
[Round "3.2"]
[White "Jakab, Bela"]
[Black "Laurusas, Tomas"]
[Result "1/2-1/2"]
[WhiteElo "2346"]
[BlackElo "2580"]
[PlyCount "137"]
[EventDate "2024.11.23"]
[EventType "team-tourn"]
[EventRounds "11"]
[EventCountry "SVK"]
[SourceTitle "CB14_2025"]
[SourceDate "2024.11.01"]
[SourceVersion "1"]
[SourceVersionDate "2024.11.01"]
[SourceQuality "1"]
[WhiteTeam "Komarno"]
[BlackTeam "Modra"]
[WhiteTeamCountry "SVK"]
[BlackTeamCountry "SVK"]

1. e4 c5 2. Nf3 e6 3. c3 d5 4. exd5 Qxd5 5. d4 Nf6 6. Be2 cxd4 7. cxd4 Nc6 8. Nc3 Qd6 9. 0-0 Be7 10. Nb5 Qd8 11. Bf4 Nd5 12. Bg3 0-0 13. Rc1 a6 14. Nc3 Nf6 15. Qd2 Nh5 16. d5 Nxg3 17. hxg3 Nb4 18. Bc4 exd5 19. Bxd5 Bf5 20. Bxb7 Rb8 21. Be4 Bxe4 22. Nxe4 Nxa2 23. Ra1 Qxd2 24. Nexd2 Nb4 25. g4 Bf6 26. Rfb1 Rfe8 27. Ra4 Re6 28. b3 h6 29. Rc1 Nd3 30. Rcc4 Nb2 31. Rab4 Rd8 32. Rc7 Nd3 33. Rbb7 Ne5 34. Nxe5 Bxe5 35. Rd7 Rd6 36. Rxd8+ Rxd8 37. Nf1 Rd1 38. g3 a5 39. Kg2 Bc3 40. Ne3 Rb1 41. Rb5 Ra1 42. f4 Ra2+ 43. Kf3 Be1 44. g5 hxg5 45. fxg5 Kh7 46. Kg4 Re2 47. Nf5 g6 48. Nd6 Kg7 49. Rb7 Rf2 50. Rb8 Bb4 51. Ne8+ Kf8 52. Nf6+ Ke7 53. Nd5+ Kd6 54. Nxb4 axb4 55. Rxb4 Rb2 56. Rb7 Ke6 57. Rb6+ Ke5 58. Rb7 Ke6 59. Kf3 Rb1 60. b4 Ke5 61. Re7+ Kd5 62. Rb7 Ke5 63. b5 Rb3+ 64. Kg4 Rb4+ 65. Kh3 Ke6 66. Rb6+ Kf5 67. Rf6+ Kxg5 68. Rxf7 Rxb5 69. Rf4 1/2-1/2

[Event "EU-ch Blitz"]
[Site "Skopje"]
[Date "2024.12.09"]
[Round "4"]
[White "Krasteva, Beloslava"]
[Black "Laurusas, Tomas"]
[Result "0-1"]
[WhiteElo "2281"]
[BlackElo "2578"]
[PlyCount "86"]
[EventDate "2024.12.09"]
[EventType "swiss (blitz)"]
[EventRounds "13"]
[EventCountry "MKD"]
[SourceTitle "CB50_2024"]
[SourceDate "2024.11.01"]
[SourceVersion "1"]
[SourceVersionDate "2024.11.01"]
[SourceQuality "2"]

1. d4 d5 2. c4 c6 3. cxd5 cxd5 4. Bf4 Nf6 5. Nc3 Nc6 6. e3 e6 7. Bd3 Be7 8. h3 Bd6 9. Bxd6 Qxd6 10. f4 0-0 11. Nf3 Bd7 12. 0-0 Rfc8 13. Ne5 Na5 14. g4 Nc4 15. Qe2 Nb6 16. g5 Ne4 17. Nxe4 dxe4 18. Bxe4 Nd5 19. Bxh7+ Kxh7 20. Qh5+ Kg8 21. Qxf7+ Kh8 22. Qxd7 Qxd7 23. Nxd7 Nxe3 24. Rf2 Nf5 25. Rd1 Rd8 26. Nc5 Nxd4 27. Kf1 b6 28. Ne4 Nf5 29. Rxd8+ Rxd8 30. Ke1 Rd3 31. Rd2 Re3+ 32. Re2 Rxh3 33. Nc3 Nd4 34. Re4 e5 35. fxe5 Nf3+ 36. Kf2 Nxg5 37. Rd4 Rh2+ 38. Kg3 Rxb2 39. Kg4 Rg2+ 40. Kf5 Nf7 41. e6 Rf2+ 42. Kg6 Ne5+ 43. Kh5 Nf7 0-1